[Event "TUR Cup"]
[Site "Antalya"]
[Date "2020.02.02"]
[Round "11"]
[White "Hasanoglu, Hakan"]
[Black "Kisadere, Kutay"]
[Result "1/2-1/2"]
[WhiteElo "1554"]
[BlackElo "1831"]
[PlyCount "45"]
[EventDate "2020.01.26"]
[EventType "swiss"]
[EventRounds "11"]
[EventCountry "TUR"]
[SourceTitle "CBM 194 Extra"]
[Source "ChessBase"]
[SourceDate "2020.03.31"]
[SourceVersion "1"]
[SourceVersionDate "2020.03.31"]
[SourceQuality "1"]

1. d4 Nf6 2. c4 e6 3. g3 d5 4. Nf3 Be7 5. Bg2 0-0 6. 0-0 dxc4 7. Qa4 a6 8. Qxc4 b5 9. Qc2 Bb7 10. Bd2 Be4 11. Qc1 b4 12. Bf4 Bd6 13. Nbd2 Bxf4 14. gxf4 Bb7 15. Qc2 Qd6 16. f5 Nbd7 17. e4 Qf4 18. fxe6 fxe6 19. Rfe1 Kh8 20. Rac1 Rac8 21. e5 Nd5 22. Re4 Qf5 23. Rh4 1/2-1/2

[Event "TUR Cup"]
[Site "Antalya"]
[Date "2020.02.01"]
[Round "10"]
[White "Subasi, Cagrican"]
[Black "Hasanoglu, Hakan"]
[Result "1-0"]
[WhiteElo "1861"]
[BlackElo "1554"]
[PlyCount "93"]
[EventDate "2020.01.26"]
[EventType "swiss"]
[EventRounds "11"]
[EventCountry "TUR"]
[SourceTitle "CBM 194 Extra"]
[Source "ChessBase"]
[SourceDate "2020.03.31"]
[SourceVersion "1"]
[SourceVersionDate "2020.03.31"]
[SourceQuality "1"]

1. Nf3 d5 2. d4 e6 3. c4 a6 4. c5 b6 5. cxb6 cxb6 6. Bf4 Nf6 7. e3 Bd6 8. Bxd6 Qxd6 9. Nbd2 Nbd7 10. Bd3 Bb7 11. 0-0 0-0 12. Qe2 Rfc8 13. Rfc1 b5 14. Nb3 Ne4 15. Qe1 f5 16. Rxc8+ Rxc8 17. a4 Qb6 18. axb5 axb5 19. Qb4 Nd6 20. g3 Nc4 21. Qe7 Qd6 22. Qxd6 Nxd6 23. Ra7 Rc7 24. Kg2 Nc4 25. Na5 Nxa5 26. Rxa5 Bc6 27. Bxb5 Bxb5 28. Rxb5 h6 29. Ne5 Nxe5 30. dxe5 Kf7 31. h4 h5 32. Kf3 Rc2 33. Rb7+ Kf8 34. b4 Rc3 35. Kf4 Rc2 36. b5 Rxf2+ 37. Kg5 Rb2 38. Kxh5 Rb4 39. b6 Rb3 40. Kg6 Rxe3 41. Rc7 Rxg3+ 42. Kh7 Rg4 43. b7 Rxh4+ 44. Kg6 Rg4+ 45. Kh5 g6+ 46. Kh6 Rb4 47. Kxg6 1-0

[Event "TUR-chT 2nd League"]
[Site "Konya"]
[Date "2019.07.25"]
[Round "6.14"]
[White "Hasanoglu, Hakan"]
[Black "Altundal, Arda"]
[Result "1-0"]
[WhiteElo "1490"]
[BlackElo "1707"]
[PlyCount "77"]
[EventDate "2019.07.22"]
[EventType "team-swiss"]
[EventRounds "9"]
[EventCountry "TUR"]
[SourceTitle "CBM 191 Extra"]
[Source "ChessBase"]
[SourceDate "2019.09.30"]
[SourceVersion "1"]
[SourceVersionDate "2019.09.30"]
[SourceQuality "1"]
[WhiteTeam "Gulbahcesi Egitim"]
[BlackTeam "Corum Belediye"]
[WhiteTeamCountry "TUR"]
[BlackTeamCountry "TUR"]

1. d4 d5 2. c4 e6 3. Nf3 Nf6 4. g3 Be7 5. Bg2 0-0 6. 0-0 Nbd7 7. Qc2 b6 8. cxd5 exd5 9. Bf4 c5 10. dxc5 bxc5 11. Rd1 Bb7 12. Ne5 Nb6 13. a4 a5 14. Bf3 Bd6 15. Nc3 g5 16. Nxf7 Rxf7 17. Bxg5 Be7 18. Qb3 c4 19. Qb5 Ba6 20. Qc6 Rc8 21. Qe6 d4 22. Bxf6 Bxf6 23. Bh5 Kh8 24. Bxf7 d3 25. exd3 cxd3 26. Qh3 Bd4 27. Bg6 Bxf2+ 28. Kxf2 Qd4+ 29. Kg2 Rc7 30. Be4 d2 31. Qh6 Rf7 32. Qxd2 Bf1+ 33. Kh1 Qxd2 34. Rxd2 Bh3 35. Bg2 Bg4 36. Rf1 Re7 37. h3 Bd7 38. Nd5 Nxd5 39. Rxd5 1-0

[Event "TUR-chT 2nd League"]
[Site "Konya"]
[Date "2019.07.24"]
[Round "4.14"]
[White "Hasanoglu, Hakan"]
[Black "Coskun, Emre"]
[Result "0-1"]
[WhiteElo "1490"]
[BlackElo "1670"]
[PlyCount "72"]
[EventDate "2019.07.22"]
[EventType "team-swiss"]
[EventRounds "9"]
[EventCountry "TUR"]
[SourceTitle "CBM 191 Extra"]
[Source "ChessBase"]
[SourceDate "2019.09.30"]
[SourceVersion "1"]
[SourceVersionDate "2019.09.30"]
[SourceQuality "1"]
[WhiteTeam "Gulbahcesi Egitim"]
[BlackTeam "Mardin Kale"]
[WhiteTeamCountry "TUR"]
[BlackTeamCountry "TUR"]

1. d4 Nf6 2. c4 e6 3. g3 d5 4. Nf3 Be7 5. Bg2 0-0 6. 0-0 c5 7. cxd5 exd5 8. Nc3 Nc6 9. dxc5 d4 10. Na4 Bf5 11. Bg5 h6 12. Bxf6 Bxf6 13. Ne1 Re8 14. Nd3 Qd7 15. a3 Re7 16. Re1 Rae8 17. b3 Bg4 18. Ra2 h5 19. Nf4 Bg5 20. Nd3 h4 21. f4 Bf6 22. Nf2 hxg3 23. hxg3 Re3 24. Kh2 g5 25. Nxg4 Qxg4 26. Bf3 Qf5 27. fxg5 Ne5 28. Rf1 Qxg5 29. Kg2 Ng6 30. Rh1 Kf8 31. Kf2 Ne5 32. Rd2 Ng4+ 33. Kg2 Rxf3 34. Kxf3 Qf5+ 35. Kg2 Ne3+ 36. Kh2 Qf2+ 0-1

[Event "TUR-chT 2nd League"]
[Site "Konya"]
[Date "2019.07.22"]
[Round "1.12"]
[White "Acar, Kaan"]
[Black "Hasanoglu, Hakan"]
[Result "1/2-1/2"]
[WhiteElo "1654"]
[BlackElo "1490"]
[PlyCount "67"]
[EventDate "2019.07.22"]
[EventType "team-swiss"]
[EventRounds "9"]
[EventCountry "TUR"]
[SourceTitle "CBM 191 Extra"]
[Source "ChessBase"]
[SourceDate "2019.09.30"]
[SourceVersion "1"]
[SourceVersionDate "2019.09.30"]
[SourceQuality "1"]
[WhiteTeam "Karaman Masterler"]
[BlackTeam "Gulbahcesi Egitim"]
[WhiteTeamCountry "TUR"]
[BlackTeamCountry "TUR"]

1. f4 d5 2. Nf3 Nf6 3. e3 e6 4. d4 Bd6 5. Bd3 c5 6. 0-0 c4 7. Be2 0-0 8. b3 b5 9. Ne5 Ne4 10. Bf3 f6 11. Bxe4 dxe4 12. Ng4 Bb7 13. Bb2 Nd7 14. bxc4 bxc4 15. Qe2 Rc8 16. Nc3 Nb6 17. a4 f5 18. Ne5 Bxe5 19. dxe5 Nd5 20. Nb5 Bc6 21. Bd4 Bxb5 22. axb5 Qd7 23. Rfb1 Rc7 24. c3 Rb8 25. Qb2 Rcb7 26. Qe2 Rxb5 27. Rxb5 Rxb5 28. Qxc4 a5 29. h3 Qb7 30. Kh2 h6 31. Qa4 Nc7 32. c4 Rb4 33. Qxa5 Rxc4 34. Qa2 1/2-1/2

[Event "TUR Cup"]
[Site "Antalya"]
[Date "2019.02.03"]
[Round "11"]
[White "Iyiol, Mehmet"]
[Black "Hasanoglu, Hakan"]
[Result "1-0"]
[WhiteElo "1892"]
[BlackElo "1646"]
[PlyCount "47"]
[EventDate "2019.01.27"]
[EventType "swiss"]
[EventRounds "11"]
[EventCountry "TUR"]
[SourceTitle "CBM 188 Extra"]
[Source "ChessBase"]
[SourceDate "2019.02.26"]
[SourceVersion "1"]
[SourceVersionDate "2019.02.26"]
[SourceQuality "1"]

1. e4 c5 2. Nc3 d6 3. f4 g6 4. Nf3 Bg7 5. Bc4 e6 6. 0-0 Ne7 7. d3 Nbc6 8. Qe1 0-0 9. Qh4 Nd4 10. Nxd4 Bxd4+ 11. Kh1 Nc6 12. Qg3 Bg7 13. f5 exf5 14. exf5 Bxf5 15. Rxf5 gxf5 16. Bg5 f4 17. Qh4 Qd7 18. Nd5 Qf5 19. Rf1 b5 20. Rxf4 Qe5 21. Nf6+ Bxf6 22. Bxf6 Qxf4 23. Qxf4 Rfc8 24. Qh6 1-0

[Event "TUR Cup"]
[Site "Antalya"]
[Date "2019.01.28"]
[Round "2"]
[White "Saygili, Adnan Mesih"]
[Black "Hasanoglu, Hakan"]
[Result "0-1"]
[WhiteElo "1594"]
[BlackElo "1646"]
[PlyCount "74"]
[EventDate "2019.01.27"]
[EventType "swiss"]
[EventRounds "11"]
[EventCountry "TUR"]
[SourceTitle "CBM 188 Extra"]
[Source "ChessBase"]
[SourceDate "2019.02.26"]
[SourceVersion "1"]
[SourceVersionDate "2019.02.26"]
[SourceQuality "1"]

1. d4 d5 2. Bf4 Nf6 3. e3 e6 4. Nf3 Bd6 5. Bg3 0-0 6. Nbd2 c5 7. c3 b6 8. Bd3 Bb7 9. Ne5 Nc6 10. a4 cxd4 11. exd4 Qc7 12. f4 Ne7 13. 0-0 Ne4 14. Nxe4 dxe4 15. Bc2 f5 16. Qe2 Bxe5 17. dxe5 Rad8 18. Bh4 Qc5+ 19. Bf2 Qc7 20. Rfd1 Nd5 21. Be3 Rf7 22. Bb3 Rfd7 23. Rd4 g6 24. Rad1 Kf7 25. Bxd5 Bxd5 26. Qb5 Bc6 27. Qb4 Rd5 28. Kf2 Qe7 29. Qc4 Qd7 30. Qa6 Bxa4 31. Ra1 Rxd4 32. Bxd4 b5 33. Ra3 Qe7 34. g3 Rd7 35. Ke2 Bc2 36. Bxa7 Bd3+ 37. Ke3 b4 0-1

[Event "TUR Cup"]
[Site "Antalya"]
[Date "2019.01.27"]
[Round "1"]
[White "Hasanoglu, Hakan"]
[Black "Kamer, Kayra"]
[Result "0-1"]
[WhiteElo "1646"]
[BlackElo "2417"]
[PlyCount "98"]
[EventDate "2019.01.27"]
[EventType "swiss"]
[EventRounds "11"]
[EventCountry "TUR"]
[SourceTitle "CBM 188 Extra"]
[Source "ChessBase"]
[SourceDate "2019.02.26"]
[SourceVersion "1"]
[SourceVersionDate "2019.02.26"]
[SourceQuality "1"]

1. d4 Nf6 2. c4 g6 3. Nf3 Bg7 4. g3 0-0 5. Bg2 c6 6. 0-0 d5 7. Nbd2 Bf5 8. b3 a5 9. Bb2 a4 10. Nh4 Be6 11. e4 dxe4 12. Nxe4 Nxe4 13. Bxe4 Qb6 14. Qd3 Rd8 15. c5 Qb4 16. Bc3 Qa3 17. Qd2 Na6 18. b4 Rd7 19. Bg2 Rad8 20. Nf3 Bg4 21. Qe3 Nxb4 22. Bxb4 Qxb4 23. Rab1 Qc4 24. Ne5 Bxe5 25. Qxe5 Qxa2 26. Rb4 Be6 27. h4 Qd2 28. Rxa4 Rxd4 29. Ra7 Rb4 30. h5 Qd4 31. Qxd4 Rdxd4 32. h6 Rd8 33. Rfa1 f5 34. Ra8 Rbd4 35. R1a7 Rc8 36. Ra1 Kf7 37. R8a7 Rc7 38. Rb1 Bc8 39. Bf1 Kf6 40. Ba6 Ra4 41. Rb6 Kg5 42. Kg2 Kxh6 43. Kg1 e5 44. Kg2 Kg5 45. Kg1 e4 46. Kg2 h5 47. Kh2 Ra2 48. Kg1 Rd7 49. Ra8 Rd1+ 0-1

[Event "TUR-chT 2nd League"]
[Site "Konya"]
[Date "2018.07.22"]
[Round "9.10"]
[White "Aydogdu, Cagatay"]
[Black "Hasanoglu, Hakan"]
[Result "1-0"]
[WhiteElo "1722"]
[BlackElo "1700"]
[PlyCount "51"]
[EventDate "2018.07.16"]
[EventType "team-swiss"]
[EventRounds "9"]
[EventCountry "TUR"]
[SourceTitle "EXT 2019"]
[Source "ChessBase"]
[SourceDate "2018.10.10"]
[SourceVersion "1"]
[SourceVersionDate "2018.10.10"]
[SourceQuality "1"]
[WhiteTeam "Marmara Universitesi"]
[BlackTeam "Gulbahcesi Egitim"]
[WhiteTeamCountry "TUR"]
[BlackTeamCountry "TUR"]

1. e4 c5 2. Nf3 d6 3. Nc3 a6 4. g3 Nf6 5. e5 dxe5 6. Nxe5 Qc7 7. d4 cxd4 8. Qxd4 Nc6 9. Nxc6 Qxc6 10. Bg5 Bg4 11. Bxf6 Qxh1 12. Qxg4 gxf6 13. 0-0-0 Bh6+ 14. Kb1 Kf8 15. Qh5 e6 16. Qxh6+ Ke7 17. Bb5 Qf3 18. Rd7+ Ke8 19. Rd3+ axb5 20. Rxf3 f5 21. Qf6 Rg8 22. Nd5 exd5 23. Rxf5 Rf8 24. Re5+ Kd7 25. Re7+ Kc8 26. Qc3+ 1-0

[Event "TUR-chT 2nd League"]
[Site "Konya"]
[Date "2018.07.17"]
[Round "3.12"]
[White "Bori, Ekin Sukru"]
[Black "Hasanoglu, Hakan"]
[Result "1/2-1/2"]
[WhiteElo "1698"]
[BlackElo "1700"]
[PlyCount "164"]
[EventDate "2018.07.16"]
[EventType "team-swiss"]
[EventRounds "9"]
[EventCountry "TUR"]
[SourceTitle "EXT 2019"]
[Source "ChessBase"]
[SourceDate "2018.10.10"]
[SourceVersion "1"]
[SourceVersionDate "2018.10.10"]
[SourceQuality "1"]
[WhiteTeam "Eskiseh Tasci"]
[BlackTeam "Gulbahcesi Egitim"]
[WhiteTeamCountry "TUR"]
[BlackTeamCountry "TUR"]

1. d4 d5 2. c4 e6 3. Nc3 c5 4. e3 Nf6 5. Nf3 Nc6 6. Be2 Be7 7. 0-0 0-0 8. b3 b6 9. Bb2 Bb7 10. cxd5 exd5 11. dxc5 bxc5 12. Na4 Ne4 13. Rc1 Rc8 14. Nd2 Qa5 15. Nxe4 dxe4 16. Bc4 Qc7 17. Qe2 Ne5 18. Rfd1 Rfd8 19. Bxe5 Qxe5 20. Ba6 Bxa6 21. Rxd8+ Rxd8 22. Qxa6 Qh5 23. Nc3 Qe5 24. g3 h5 25. Qc6 f5 26. h4 Rd6 27. Qe8+ Kh7 28. Ne2 g6 29. Kg2 a6 30. Nf4 a5 31. Qf7+ Kh6 32. Qe8 Kh7 33. Rc4 Rb6 34. Qf7+ Kh6 35. Nd5 Rb7 36. Rxc5 Bxc5 37. Qxb7 Qb2 38. Qc8 Bd6 39. Qd8 Be5 40. Qg5+ Kg7 41. Qe7+ Kh6 42. Qg5+ Kg7 43. Qe7+ Kh6 44. Qf8+ Bg7 45. Qf7 Qe5 46. Nf4 Qd6 47. Qe6 Qxe6 48. Nxe6 Bc3 49. Kf1 Kh7 50. Ke2 Kg8 51. Nf4 Kf7 52. Nd5 Be5 53. Kd2 Ke6 54. Nf4+ Kf7 55. Kc2 Bg7 56. Ne2 Ke6 57. Nd4+ Kd5 58. Ne2 Ke6 59. a3 Bf8 60. Kb2 Kf6 61. Nd4 Bd6 62. Nc6 Bc7 63. b4 axb4 64. axb4 g5 65. hxg5+ Kxg5 66. Kc3 Kg4 67. Kd2 h4 68. gxh4 Kxh4 69. b5 Kg4 70. Ke2 f4 71. exf4 Kxf4 72. Na7 Ke5 73. Nc8 Kd5 74. Ke3 Kc5 75. Kxe4 Kxb5 76. Ne7 Kc5 77. Ng6 Kd6 78. Kf5 Kd5 79. f3 Kd4 80. Ne7 Ke3 81. Kg4 Bb8 82. Nc6 Bd6 1/2-1/2

[Event "TUR Cup										"]
[Site "Antalya"]
[Date "2018.02.03"]
[Round "11"]
[White "Hasanoglu, Hakan"]
[Black "Alaca, Ali"]
[Result "1-0"]
[WhiteElo "1545"]
[BlackElo "1986"]
[PlyCount "63"]
[EventDate "2018.01.27"]
[EventType "swiss"]
[EventRounds "11"]
[EventCountry "TUR"]
[SourceTitle "CBM 182 Extra"]
[Source "ChessBase"]
[SourceDate "2018.02.23"]
[SourceVersion "1"]
[SourceVersionDate "2018.02.23"]
[SourceQuality "1"]

1. d4 Nf6 2. c4 e6 3. Nf3 b6 4. g3 Ba6 5. Nbd2 Be7 6. Bg2 0-0 7. 0-0 d5 8. b3 Nbd7 9. Bb2 Bb7 10. Rc1 Rc8 11. Ne5 c6 12. Ndf3 Re8 13. Qd3 Bf8 14. Ng5 Re7 15. cxd5 exd5 16. Bh3 g6 17. Nexf7 Rxf7 18. Be6 Qe7 19. Bxf7+ Kh8 20. Be6 Bh6 21. Bxd7 Qxd7 22. f4 Bxg5 23. fxg5 Ne4 24. Qe3 Re8 25. Qf4 Bc8 26. Rf3 Qe7 27. Rxc6 Qxg5 28. Qf7 Rg8 29. Rc7 Qh6 30. Qe7 Bf5 31. Qe5+ Rg7 32. Rc8+ 1-0

[Event "TUR Cup										"]
[Site "Antalya"]
[Date "2018.01.31"]
[Round "7"]
[White "Hasanoglu, Hakan"]
[Black "Zekeriyaoglu, Ersen"]
[Result "1-0"]
[WhiteElo "1545"]
[BlackElo "1839"]
[PlyCount "137"]
[EventDate "2018.01.27"]
[EventType "swiss"]
[EventRounds "11"]
[EventCountry "TUR"]
[SourceTitle "CBM 182 Extra"]
[Source "ChessBase"]
[SourceDate "2018.02.23"]
[SourceVersion "1"]
[SourceVersionDate "2018.02.23"]
[SourceQuality "1"]

1. d4 Nf6 2. c4 e6 3. Nf3 b6 4. e3 Bb7 5. Bd3 Bb4+ 6. Bd2 Bxd2+ 7. Nbxd2 d5 8. 0-0 0-0 9. Rc1 dxc4 10. Nxc4 Nbd7 11. Nce5 c5 12. Nxd7 Nxd7 13. Bb5 Bxf3 14. Qxf3 cxd4 15. exd4 Nf6 16. Rfd1 Qd5 17. Bc6 Qxf3 18. Bxf3 Rac8 19. Kf1 g6 20. Ke1 Rfd8 21. Rxc8 Rxc8 22. d5 exd5 23. Bxd5 Rc2 24. Bb3 Rc7 25. f3 Nd7 26. Rd4 Nc5 27. Bc4 Kg7 28. Kd2 Kf6 29. Rf4+ Kg7 30. Rd4 g5 31. b4 Nd7 32. Bb3 Ne5 33. Rd5 f6 34. a4 Nc6 35. b5 Ne5 36. Rd8 h5 37. Rg8+ Kh7 38. Rf8 Kg6 39. Rg8+ Kf5 40. Bc2+ Kf4 41. Rf8 Rf7 42. Rxf7 Nxf7 43. Bg6 Ne5 44. Bxh5 Nc4+ 45. Kc3 Ne3 46. g3+ Ke5 47. f4+ gxf4 48. gxf4+ Kxf4 49. Kd4 f5 50. Be2 Nc2+ 51. Kd5 Ke3 52. Bh5 Nd4 53. h4 f4 54. Bg4 f3 55. Bxf3 Nxf3 56. h5 Ng5 57. Kc6 Kd4 58. Kb7 Kc5 59. Kxa7 Nf7 60. a5 bxa5 61. b6 Nd8 62. h6 Nc6+ 63. Ka6 a4 64. h7 Nb4+ 65. Kb7 a3 66. h8Q Kc4 67. Ka7 a2 68. b7 Nc2 69. Qg8+ 1-0

[Event "TUR-chT2"]
[Site "Konya"]
[Date "2017.07.14"]
[Round "8.6"]
[White "Hasanoglu, Hakan"]
[Black "Kelpetin, Umut Can"]
[Result "0-1"]
[WhiteElo "1340"]
[BlackElo "1790"]
[PlyCount "70"]
[EventDate "2017.07.09"]
[EventType "team-swiss"]
[EventRounds "9"]
[EventCountry "TUR"]
[SourceTitle "CBM 179 Extra"]
[Source "ChessBase"]
[SourceDate "2017.08.23"]
[SourceVersion "1"]
[SourceVersionDate "2017.08.23"]
[SourceQuality "1"]
[WhiteTeam "Hamle Adana"]
[BlackTeam "Dobruca"]
[WhiteTeamCountry "TUR"]
[BlackTeamCountry "TUR"]

1. Nf3 Nf6 2. c4 g6 3. d4 c5 4. d5 b5 5. cxb5 a6 6. bxa6 Bxa6 7. Nc3 d6 8. e4 Bxf1 9. Kxf1 Bg7 10. h3 0-0 11. Kg1 Nbd7 12. Kh2 Qa5 13. Qc2 Rfb8 14. Rb1 Ne8 15. Bg5 Kf8 16. Rhc1 Nc7 17. Nd2 Nb5 18. Nc4 Qa6 19. Nxb5 Rxb5 20. a3 Rab8 21. a4 Rb3 22. Bd2 Ne5 23. Na5 Rxb2 24. Rxb2 Rxb2 25. Rb1 Nf3+ 26. Kh1 Nxd2 27. Qxd2 Rxb1+ 28. Kh2 Be5+ 29. f4 Bxf4+ 30. Qxf4 Qxa5 31. Qh6+ Kg8 32. Qh4 Qe1 33. Qxe7 Qg1+ 34. Kg3 Rb3+ 35. Kh4 Qf2+ 0-1